| 000 | 01076nam a2200253Ia 4500 | ||
|---|---|---|---|
| 003 | OSt | ||
| 005 | 20220930094911.0 | ||
| 006 | a|||||r|||| 00| 0 | ||
| 007 | ta | ||
| 008 | 220926b |||||||| |||| 00| 0 san d | ||
| 024 | _a35203 | ||
| 037 | _cTheses | ||
| 040 |
_aCRL _cCRL _bsan |
||
| 041 |
_2san _asan |
||
| 100 | _aआर्य, ललित प्रधान, ले. | ||
| 110 |
_aदिल्ली विश्वविद्यालय. कला संकाय. संस्कृत _9556666 |
||
| 245 | 0 | _aमहाभाष्य के धात्वधिकार पर प्रदीप का समीक्षात्मक अध्ययन। | |
| 246 | _aMahābhāṣhya ke dhātvadhikār par pradīp kā samīkṣhātmak adhyayana। | ||
| 260 | _c2016 | ||
| 300 |
_a418पृ. _ap. _ccm. |
||
| 700 |
_aदिल्ली विश्वविद्यालय. कला संकाय. संस्कृत _9556667 |
||
| 942 |
_cDIS _2CC |
||
| 999 |
_c887903 _d887903 |
||